|
|
|
|
| LEADER |
00000cam a2200000 a 4500 |
| 001 |
vtls010428991 |
| 003 |
SK-MaSNL |
| 005 |
20260426012352.0 |
| 008 |
240318s2011 xr l n 001 0 cze |
| 020 |
|
|
|a 9788021056428
|q (2. diel : brož.)
|
| 020 |
|
|
|a 9788021056411
|q (súbor)
|
| 040 |
|
|
|a SNK
|b slo
|c SNK
|e AACR2
|
| 041 |
0 |
|
|a cze
|
| 043 |
|
|
|a e-xr---
|
| 044 |
|
|
|a xr
|c CZ
|
| 072 |
|
7 |
|a 78
|x Hudba
|2 konspekt
|
| 080 |
|
|
|a 78:82
|2 2001
|
| 080 |
|
|
|a 78.08
|2 2001
|
| 080 |
|
|
|a 82:081
|2 2001
|
| 080 |
|
|
|a 7.07
|2 2001
|
| 080 |
|
|
|a 78.071.1
|2 2001
|
| 080 |
|
|
|a (437.3)
|2 2001
|
| 080 |
|
|
|a (048.8)
|2 2001
|
| 080 |
|
|
|a (031)
|2 2001
|
| 100 |
1 |
|
|a Spousta, Vladimír,
|d 1930-
|4 aut
|9 543951
|
| 245 |
1 |
0 |
|a Hudebně-literární slovník
|b hudební díla inspirovaná slovesným uměním
|n 2. díl slovníkové trilogie
|p Čeští skladatelé
|c Vladimír Spousta
|
| 246 |
3 |
0 |
|a Čeští skladatelé
|
| 246 |
3 |
0 |
|a Hudební díla inspirovaná slovesným uměním
|
| 250 |
|
|
|a 1. vyd.
|
| 260 |
|
|
|a Brno
|b Masarykova univerzita
|c 2011
|
| 300 |
|
|
|a 270 s.
|b tab.
|c 24 cm
|e 1 CD-ROM
|
| 500 |
|
|
|a Terminologický slovník. Zoznam hudobných skladateľov. Zoznam literárnych umelcov
|
| 504 |
|
|
|a Bibliogr. s. 235-254 ; menný register
|
| 650 |
0 |
7 |
|a hudba a literatúra
|2 SNKPH
|9 3174
|
| 650 |
0 |
7 |
|a hudobné diela
|2 SVKBB
|9 307885
|
| 650 |
0 |
7 |
|a literárne diela
|2 SNKPH
|9 64194
|
| 650 |
0 |
7 |
|a umelecká inšpirácia
|2 SNKPH
|9 101924
|
| 650 |
0 |
7 |
|a hudobní skladatelia
|2 SNKPH
|9 3188
|
| 650 |
0 |
7 |
|a Music and literature
|2 SNKPHeng
|9 543952
|
| 650 |
0 |
7 |
|a Musical works
|2 SVKBBPHeng
|9 367575
|
| 650 |
0 |
7 |
|a Literary pieces
|2 SNKPHeng
|9 303017
|
| 650 |
0 |
7 |
|a Inspiration in art
|2 SNKPHeng
|9 327511
|
| 650 |
0 |
7 |
|a Composers
|2 SNKPHeng
|9 278300
|
| 651 |
|
7 |
|a Česko
|2 SNKPH
|9 16753
|
| 651 |
|
7 |
|a Czechia
|2 SNKPHeng
|9 170107
|
| 655 |
|
7 |
|a monografie
|2 SNKPH
|9 70139
|
| 655 |
|
7 |
|a slovníky
|2 SNKPH
|9 70413
|
| 655 |
|
7 |
|a Monographs
|2 SNKPHeng
|9 120675
|
| 655 |
|
7 |
|a Dictionaries
|2 SNKPHeng
|9 294898
|
| 852 |
|
|
|a Štátna vedecká knižnica v Banskej Bystrici
|
| 919 |
|
|
|a 978-80-210-5642-8
|
| 919 |
|
|
|a 978-80-210-5641-1
|
| 999 |
|
|
|c 1095173
|d 1097103
|
| 952 |
|
|
|t snkSPO/2príl. 78(031)
|a SNKMST
|b SNKMST
|y PREZ
|7 0
|p 17A1030660
|o snkIC 139752/2/príl.
|i snk2012/12529
|8 4
|z 1 CD
|0 0
|1 0
|4 0
|d 2012-06-11
|l 0
|r 2025-08-13 00:00:00
|w 2026-02-24
|
| 952 |
|
|
|t snkSPO/2 78(031)
|a SNKUST
|b SNKUST
|y PREZ
|7 0
|p 17A1030659
|o snkIC 139752/2
|i snk2012/12529
|8 4
|g 15.96
|3 Dokument obsahuje prílohu - 1 CD
|0 0
|1 0
|4 0
|d 2012-06-11
|l 0
|r 2025-04-28 00:00:00
|w 2026-02-24
|